00643nam a2200109Ia 4500008004100000020001500041100002500056245031500081260009000396300001500486650003200501180815s9999 xx 000 0 und d a9719222166 aSantos, Rhoderick R. cRhoderick R. Santos, Jose P. Aquino, Rolando A. Avante, Santos Jose O. Dacanay III, Rene B. Hapitan, Leila Y. Calderon-Kabigting, Joseph James F. Lago, Rommel Ronald M. Macapagal, Fulgencio A. Mossesgeld, Gregorio S. Navarro, Benito L. Teehankee.--aEssentials of investments in the Philippine capital market / aPhilippines :bSouthville International School and Colleges Systems Publicationc2004 a611 pages. aInvestments -- Philippines.